| 000 | 00738nam a2200229Ia 4500 | ||
|---|---|---|---|
| 999 |
_c41270 _d41270 |
||
| 001 | 7925 | ||
| 003 | GE_BSU | ||
| 005 | 20221003113247.0 | ||
| 008 | 181216s2012ru xx |||||||||||||| ||rus|| | ||
| 020 | _a9785756705911 | ||
| 040 | _cGE_BSU | ||
| 041 | _arus | ||
| 080 | _a327.1(075.8) Б-73 | ||
| 100 |
_aБогатуров,А.Д. _914947 |
||
| 245 |
_aИстория международных отношений. 1945-2008 / _cА.Д. Богатуров. |
||
| 264 |
_aМосква : _bАспект Пресс, _c2012. |
||
| 300 |
_a520 стр.: _c22xсм. |
||
| 653 | _aИстория международных отношений. 1945-2008 | ||
| 653 | _aПолитика | ||
| 653 | _aპოლიტიკა | ||
| 942 |
_cBK _2udc |
||